[Event "Genova Province-ch"]
[Site "Genova"]
[Date "2015.02.05"]
[Round "4"]
[White "Nosengo, Piero"]
[Black "Milieni, Fabrizio"]
[Result "0-1"]
[WhiteElo "1625"]
[BlackElo "1654"]
[PlyCount "58"]
[EventDate "2015.01.15"]
[EventType "swiss"]
[EventRounds "6"]
[EventCountry "ITA"]
[SourceTitle "EXT 2017"]
[Source "ChessBase"]
[SourceDate "2016.10.25"]
[SourceVersion "1"]
[SourceVersionDate "2016.10.25"]
[SourceQuality "1"]

1. e4 c5 2. d4 cxd4 3. c3 dxc3 4. Nxc3 e5 5. Bc4 d6 6. Qb3 Be6 7. Bxe6 fxe6 8. Qxb7 Nd7 9. Nb5 Rc8 10. Bg5 Ngf6 11. Qxa7 Be7 12. Bxf6 Nxf6 13. Qa4 0-0 14. Rd1 Qb6 15. Qb3 d5 16. Nh3 Nxe4 17. 0-0 Bc5 18. Nc3 Nxf2 19. Qxb6 Nxh3+ 20. Kh1 Bxb6 21. gxh3 e4 22. a4 e3 23. Rxf8+ Kxf8 24. Kg2 d4 25. Ne2 Rc2 26. Kf3 Rd2 27. Rc1 d3 28. Nc3 Rf2+ 29. Kg3 Bc7+ 0-1

[Event "Genova Province-ch"]
[Site "Genova"]
[Date "2015.01.29"]
[Round "3"]
[White "Tripi, Nicolo"]
[Black "Nosengo, Piero"]
[Result "1-0"]
[WhiteElo "1871"]
[BlackElo "1625"]
[PlyCount "73"]
[EventDate "2015.01.15"]
[EventType "swiss"]
[EventRounds "6"]
[EventCountry "ITA"]
[SourceTitle "EXT 2017"]
[Source "ChessBase"]
[SourceDate "2016.10.25"]
[SourceVersion "1"]
[SourceVersionDate "2016.10.25"]
[SourceQuality "1"]

1. e4 c6 2. d4 d5 3. e5 Bf5 4. h4 h5 5. Nf3 e6 6. Be2 Be7 7. Bg5 Bxg5 8. Nxg5 Bg6 9. Nd2 Qb6 10. Nb3 Nd7 11. a4 a5 12. Bd3 Ne7 13. Bxg6 Nxg6 14. Qf3 Qb4+ 15. Nd2 Qe7 16. Qe3 0-0-0 17. g3 Rdf8 18. 0-0 Nb6 19. Qc3 f6 20. Ngf3 fxe5 21. dxe5 Qb4 22. Qd3 Qg4 23. Qe3 Nc4 24. Nxc4 Rxf3 25. Nd6+ Kd7 26. Qg5 Qxg5 27. hxg5 h4 28. Nxb7 Nxe5 29. Rae1 Rf5 30. f4 Ng4 31. gxh4 Rxh4 32. Kg2 Nh2 33. Rh1 Rfxf4 34. Rxh2 Rhg4+ 35. Kh1 Rxg5 36. Nc5+ Kd6 37. Nxe6 1-0